000 00345nam a2200145Ia 4500
008 230718s9999 xx 000 0 und d
041 _aEng.
082 _a343.349
_bAHM-M
100 _aAhmed, Chaudhary
245 0 _aMannual of Land Acquise
260 _aPakistan
_bPakistani Publishing
_c2018
300 _a527
650 _aLaw
999 _c31785
_d31785